01149nam a2200277Ia 4500003000900000008004100009020001800050040001600068080002200084110004200106111008500148245017300233260004200406300001500448490002600463650004100489650003400530650003300564650002700597700003100624700002600655710004200681942000700723999001500730952012600745IN-BaIIA211028s9999 xx 000 0 eng d a90-277-0246-2 cIIA Library a082.2:52bIAU-S49 aIntenational Astronomical Union97665 aIntenational Astronomical Union symposiumn49thcArgentinad1971 Aug. 9-1497666 0aWolf-rayet and high-temperature starsbproceedings of the IAU Symposium no.49 held in Buenos Aires, Argentina, August 9-14, 1971cedited by M. K. V. Bappu and J. Sahade aDordrechtbD. Reidel Publishingc1973 axiv, 263p. aIAU Symposium; no. 49 aAstronomy and Astrophysics Thesaurus aCircumstellar envelopes93685 aHigh temperature stars97667 aWolf rayet stars97146 aBappu, M. K. V., ed.97668 aSahade, J., ed.97669 aIntenational Astronomical Union97665 cBK c4374d4374 00104070aBANbBANcGENd1974-03-19g246.00l0o082.2:52/ IAU-S49p4881r2021-11-05v246.00w1974-03-19yBKGRs. 246.00